Trece casos misteriosos

-д хадгалсан:
Номзүйн дэлгэрэнгүй
Үндсэн зохиолчид: Balcells, Jacqueline (Зохиогч), Güiraldes, Ana María (Зохиогч)
Формат: Ном
Хэл сонгох:испани
Хэвлэсэн: Santiago Andrés Bello 2006
Хэвлэл:20a. ed
Цуврал:Colección Andrés Bello, 95
Нөхцлүүд:
Шошгууд: Шошго нэмэх
Шошго байхгүй, Энэхүү баримтыг шошголох эхний хүн болох!

MARC

LEADER 00000cam a2200000 a 4500
001 UCG3664
003 CL-VaPUC
008 100909e20060000CL |||||||||||||||||spa|d
020 |a 9561308924 
082 0 4 |a Ch863  |b BAL  |2 21 
100 0 |a Balcells, Jacqueline  |e author  |9 552956 
700 |a Güiraldes, Ana María  |e author  |9 571895 
245 1 0 |a Trece casos misteriosos 
250 |a 20a. ed 
300 |a 123 p 
942 |c BK 
945 |d 20100909 00:00:00  |a mfarfan 
260 |a Santiago  |b Andrés Bello  |c 2006 
650 0 |a Literatura chilena   |9 308278 
650 0 |a Novelas chilenas   |9 265425 
650 0 |a Escritores chilenos   |9 420370 
650 0 |a Cuentos chilenos   |9 308280 
583 |a last modification  |c 20130528 01:35:43  |k Rodrigo Vera 
490 0 |a Colección Andrés Bello, 95 
999 |c 342711  |d 342709